'K' Follow-Up Trivia Quiz Stats

 Plays Quiz Updated Oct 19, 2017

Also try: 'K' Game
Challenge
Share
Tweet
Embed
Score 0/48 Timer 06:00
0 Plays Today
% Correct
Which US state is nicknamed 'The Sunflower State'?
100%
Which 1933 movie ends with the line 'it was beauty killed the beast'?
99.9%
What is the tallest mountain in Africa?
99.9%
Which chess piece can only move in an 'L' shape?
99.9%
Bishkek is the capital of which Asian country?
99.9%
Which US President was assassinated on November 22nd, 1963?
99.9%
~~~ John F. Kennedy ~~~
88%
In which city was John F. Kennedy assassinated?
88%
~~~ Knight ~~~
86.3%
Which legendary leader seated his knights around a Round Table?
86.3%
~~~ Kansas ~~~
83.8%
What is the capital of Kansas?
83.8%
~~~ King Arthur ~~~
80.6%
Who played 'Roy Miller' alongside Cameron Diaz in the 2010 film 'Knight and Day'?
80.6%
~~~ Kilimanjaro ~~~
78%
In which country would you find Kilimanjaro?
78%
~~~ Dallas ~~~
76.2%
Who succeeded John F. Kennedy as US President?
76.2%
~~~ Topeka ~~~
68.5%
From which 1939 movie does the line 'I don't think we're in Kansas anymore' come?
68.4%
~~~ Florida ~~~
68.2%
~~~ Lyndon B. Johnson ~~~
68.1%
The Kennedy Space Center, named after John F. Kennedy, is in which US state?
68.1%
What is the state flower of Kansas?
67.6%
% Correct
~~~ The Wizard of Oz ~~~
67.5%
~~~ King Kong ~~~
62.1%
What kind of animal is King Kong?
62.1%
~~~ Gorilla ~~~
61.6%
Who directed the 2005 remake of King Kong?
61.6%
~~~ Mount Sunflower ~~~
60.7%
~~~ Tanzania ~~~
56.4%
In the Toto song 'Africa,' over which national park does Kilimanjaro 'rise like Olympus'?
56.4%
~~~ Tom Cruise ~~~
50.9%
What was the name of the talking car in the TV series 'Knight Rider'?
50.9%
~~~ Kyrgyzstan ~~~
48.6%
From which country did Kyrgyzstan declare independence in 1991?
48.6%
~~~ Soviet Union ~~~
41.6%
Which Kyrgyzstan-bordering country is doubly-landlocked, i.e. it borders only landlocked countries?
41.6%
~~~ Peter Jackson ~~~
37.8%
Which character spoke the famous line above?
37.8%
~~~ Uzbekistan ~~~
35.1%
After which flower was the 2005 Kyrgyz revolution which overthrew President Askar Akayev named?
35.1%
~~~ Kitt ~~~
34.7%
~~~ Serengeti ~~~
27.8%
In which classic comedy show was there a sketch about a plan to climb the twin peaks of Kilimanjaro?
27.8%
~~~ Tulip ~~~
12.6%
~~~ Monty Python's Flying Circus ~~~
9.9%
~~~ Carl Denham ~~~
8.5%

You're not logged in!

Compare scores with friends on all Sporcle quizzes.
Join for Free
OR
Log In

You Might Also Like...

Show Comments

Extras

Top Quizzes Today


Score Distribution

Your Account Isn't Verified!

In order to create a playlist on Sporcle, you need to verify the email address you used during registration. Go to your Sporcle Settings to finish the process.

Report this User

Report this user for behavior that violates our Community Guidelines.

Details: